| 000 | 007220000a22001930004500 | ||
|---|---|---|---|
| 999 |
_c47464 _d47464 |
||
| 001 | 207 | ||
| 003 | CO-MdFUSB | ||
| 005 | 20180207154610.0 | ||
| 008 | 180207b xxu||||| |||| 00| 0 eng d | ||
| 020 | _a958-602-107-6 | ||
| 040 | _cCO-MdBIC | ||
| 082 | 0 | 4 | _a036 Ig4a |
| 100 | 1 | _aIglesia, Saro de la | |
| 245 | 1 | 0 | _aAbrete Sesamo / Saro de la Iglesia, Asesor Pedagógico : Juan Delval |
| 260 | _aBogotá : Printer Colombiana Ltda | ||
| 300 | _a[\52 P. ] | ||
| 505 | 0 | 0 | _aVolumen 1 : Libro de la A Volumen 2 : Libro de la B.C Volumen 3 : Libro de la E.F Volumen 4 : Libro de la G.H. Volumen 5 : Libro de la M Volumen 6 : Libro de la N.Ñ.O.P Volumen 7 : Libro de la R.S Volumen 8 : Libro de la T.U.V.X.Y.Z |
| 942 | _cLGB | ||